[Event "ESP-ch U14"]
[Site "Salobrena"]
[Date "2023.07.21"]
[Round "7"]
[White "Campos Saez, Sergio"]
[Black "Lorente Melcon, Maximo"]
[Result "0-1"]
[WhiteElo "1723"]
[BlackElo "2078"]
[PlyCount "72"]
[EventDate "2023.07.17"]
[EventType "swiss"]
[EventRounds "9"]
[EventCountry "ESP"]
[SourceTitle "EXT 2024"]
[Source "ChessBase"]
[SourceDate "2023.10.10"]
[SourceVersion "1"]
[SourceVersionDate "2023.10.10"]
[SourceQuality "1"]

1. e4 c5 2. c3 d5 3. exd5 Nf6 4. d4 Nxd5 5. Nf3 cxd4 6. cxd4 g6 7. Nc3 Bg7 8. Bd3 0-0 9. 0-0 Nc6 10. Be3 Nxe3 11. fxe3 b6 12. Qe2 a6 13. Ng5 Bd7 14. Bxa6 h6 15. Nf3 Re8 16. Bc4 e6 17. Rad1 Rc8 18. d5 exd5 19. Nxd5 b5 20. Bxb5 Qa5 21. Bc4 Bg4 22. Qd2 Qa7 23. Bb3 Rcd8 24. Rc1 Na5 25. Qc2 Nxb3 26. Qxb3 Be6 27. Rcd1 Qc5 28. Qb4 Rxd5 29. Qa4 Qxe3+ 30. Kh1 Red8 31. Rde1 Qb6 32. Qa3 Qxb2 33. Qe7 R5d7 34. Qc5 Qxa2 35. Qe3 Qb3 36. Qe2 Bc4 0-1

[Event "ESP-ch U12 Rapid"]
[Site "Salobrena"]
[Date "2022.07.16"]
[Round "2"]
[White "Gutierrez Toro, Raul"]
[Black "Campos Saez, Sergio"]
[Result "0-1"]
[WhiteElo "1371"]
[BlackElo "1207"]
[PlyCount "69"]
[EventDate "2022.07.09"]
[EventType "swiss (rapid)"]
[EventRounds "9"]
[EventCountry "ESP"]
[SourceTitle "EXT 2023"]
[Source "ChessBase"]
[SourceDate "2022.10.05"]
[SourceVersion "1"]
[SourceVersionDate "2022.10.05"]
[SourceQuality "1"]

1. e4 e5 2. Nf3 Nc6 3. Bb5 f5 4. d3 fxe4 5. dxe4 Nf6 6. 0-0 Bc5 7. Bc4 d6 8. h3 Qe7 9. Nc3 Be6 10. Bxe6 Qxe6 11. a3 0-0 12. Bg5 Nd4 13. Nxd4 Bxd4 14. Qd3 Bxc3 15. bxc3 h6 16. Bxf6 Qxf6 17. Qd5+ Qf7 18. Qxb7 Qc4 19. Qb3 Qxb3 20. cxb3 Rf4 21. f3 Kf7 22. Kf2 Ke6 23. Ke3 g5 24. b4 c6 25. c4 a6 26. Rfd1 Rb8 27. Rd3 Rf6 28. Rad1 Rd8 29. a4 Ke7 30. Rb1 Rb8 31. b5 Rff8 32. Rdb3 axb5 33. axb5 c5 34. Ra3 Rb7 35. Rba1 0-1

[Event "ESP-ch U12"]
[Site "Salobrena"]
[Date "2021.07.06"]
[Round "3"]
[White "Torres Rebolledo, Alvaro"]
[Black "Campos Saez, Sergio"]
[Result "1-0"]
[WhiteElo "1635"]
[BlackElo "1177"]
[PlyCount "83"]
[EventDate "2021.07.05"]
[EventType "swiss"]
[EventRounds "9"]
[EventCountry "ESP"]
[SourceTitle "EXT 2022"]
[Source "ChessBase"]
[SourceDate "2021.10.06"]
[SourceVersion "1"]
[SourceVersionDate "2021.10.06"]
[SourceQuality "1"]

1. e4 e5 2. Nf3 Nc6 3. Bc4 Nf6 4. Ng5 d5 5. exd5 Na5 6. Bb5+ c6 7. dxc6 bxc6 8. Qf3 Be7 9. Bd3 0-0 10. Nc3 h6 11. Nge4 Nd5 12. Ng3 Nb4 13. 0-0 Nxd3 14. cxd3 f5 15. Re1 Qc7 16. b3 f4 17. Nge4 Ba6 18. Bb2 Rad8 19. d4 Qc8 20. Na4 Qf5 21. Nec5 Bxc5 22. Nxc5 Bc8 23. Rxe5 Qg6 24. Nd3 Qf6 25. Rxa5 Bb7 26. Rxa7 Rb8 27. d5 Qg5 28. dxc6 Bxc6 29. Rxg7+ Qxg7 30. Bxg7 Bxf3 31. Bxf8 Be4 32. Nc5 Rxf8 33. Nxe4 f3 34. a4 Rf4 35. Ng3 Rg4 36. gxf3 Rb4 37. a5 Rxb3 38. a6 Rb8 39. a7 Ra8 40. Nf5 Kf8 41. Nd4 h5 42. Nb5 1-0

[Event "ESP-ch U12"]
[Site "Salobrena"]
[Date "2021.07.05"]
[Round "1"]
[White "Campos Saez, Sergio"]
[Black "Buzica Patrin, Teo Adrian"]
[Result "1-0"]
[WhiteElo "1177"]
[BlackElo "1632"]
[PlyCount "133"]
[EventDate "2021.07.05"]
[EventType "swiss"]
[EventRounds "9"]
[EventCountry "ESP"]
[SourceTitle "EXT 2022"]
[Source "ChessBase"]
[SourceDate "2021.10.06"]
[SourceVersion "1"]
[SourceVersionDate "2021.10.06"]
[SourceQuality "1"]

1. e4 c5 2. c3 e6 3. d4 cxd4 4. cxd4 d5 5. exd5 exd5 6. Nf3 Nf6 7. Nc3 Be7 8. Be2 Nc6 9. Bf4 Be6 10. 0-0 a6 11. Rc1 0-0 12. Na4 Ne4 13. Be3 Rc8 14. Nd2 Nxd2 15. Qxd2 Bb4 16. Qd1 Bd6 17. Nc5 Qc7 18. g3 Bxc5 19. Rxc5 Qb6 20. b3 Qb4 21. Qd3 Ne7 22. Rfc1 Rxc5 23. Rxc5 Nf5 24. Qc3 Qxc3 25. Rxc3 Nxe3 26. fxe3 Rc8 27. Rxc8+ Bxc8 28. Bf3 Be6 29. Kf2 f5 30. Ke2 Kf7 31. Kd2 g5 32. h3 g4 33. hxg4 fxg4 34. Bg2 h5 35. Kd3 Bf5+ 36. e4 dxe4+ 37. Bxe4 Bxe4+ 38. Kxe4 Ke6 39. Kf4 Kd5 40. Kg5 Kxd4 41. Kxh5 Kc3 42. Kxg4 Kb2 43. Kf4 Kxa2 44. g4 Kxb3 45. g5 b5 46. g6 a5 47. g7 b4 48. g8Q+ Ka3 49. Ke3 b3 50. Kd3 a4 51. Kc3 b2 52. Kc2 Kb4 53. Kxb2 a3+ 54. Ka2 Kc3 55. Qb3+ Kd4 56. Kxa3 Ke4 57. Qc3 Kf4 58. Qd3 Ke5 59. Kb4 Kf6 60. Qe4 Kg7 61. Qf5 Kg8 62. Qd7 Kf8 63. Kc5 Kg8 64. Kd5 Kh8 65. Ke6 Kg8 66. Kf6 Kh8 67. Qg7# 1-0